|
|
|
|
| LEADER |
01595nam a22002897a 4500 |
| 001 |
34818 |
| 003 |
BD-DhAAL |
| 005 |
20250807150658.0 |
| 008 |
190718r20182012bg ||||| |||| 00| 1 ben d |
| 020 |
|
|
|a 9789848858462
|
| 040 |
|
|
|a BD-DhAAL
|c BD-DhAAL
|
| 041 |
|
|
|a ben
|
| 082 |
|
|
|a 891.44371
|2 23
|
| 100 |
|
|
|a মজুমদার, সমরেশ
|9 32959
|
| 245 |
|
|
|a সাতকাহন (অখন্ড-সংস্করণ) /
|c সমরেশ মজুমদার
|
| 260 |
|
|
|a ঢাকা :
|b নবযুগ প্রকাশনী,
|c ২০১২ [তৃতীয় মুদ্রণ ২০১৮].
|
| 300 |
|
|
|a ৮৪৮ পৃষ্ঠা ;
|c ২২ সে.মি.
|
| 526 |
|
|
|a Residential Campus
GenEd (Residential Campus)
|
| 541 |
|
|
|a Development Book Agency
|e 34818, 34983, 40694
|
| 650 |
|
|
|a Bengali fiction.
|9 32967
|
| 650 |
|
|
|a Bengali literature.
|
| 852 |
|
|
|a Savar Campus Library
|c General Stacks
|
| 942 |
|
|
|2 ddc
|c BK
|
| 999 |
|
|
|c 40904
|d 40904
|
| 952 |
|
|
|0 0
|1 0
|2 ddc
|4 0
|6 891_443710000000000_MAJ
|7 0
|9 65665
|a SCL
|b SCL
|c GEN
|d 2019-07-17
|e Development Book Agency
|g 704.00
|l 13
|m 34
|o 891.44371 MAJ
|p 3020034818
|r 2025-09-13
|s 2025-06-21
|t 1
|v 704.00
|w 2019-07-17
|y BK
|
| 952 |
|
|
|0 0
|1 0
|2 ddc
|4 0
|6 891_443710000000000_MAJ
|7 0
|9 65836
|a BRACUL
|b BRACUL
|c GEN
|d 2019-07-24
|e Development Book Agency
|g 704.00
|l 6
|m 81
|o 891.44371 MAJ
|p 3010034985
|r 2026-04-23
|s 2025-10-19
|t 2
|v 704.00
|w 2019-07-24
|y BK
|
| 952 |
|
|
|0 0
|1 0
|2 ddc
|4 0
|6 891_443710000000000_MAJ
|7 0
|9 72780
|a SCL
|b SCL
|c GEN
|d 2023-01-05
|e Development Book Agency
|g 680.00
|l 4
|m 17
|o 891.44371 MAJ
|p 3020040694
|r 2025-12-29
|s 2025-10-14
|t 2
|v 680.00
|w 2023-01-05
|y BK
|